Active Utah Jazz Players Colleges - Statistics

General Stats
  • This quiz has been taken 7 times
  • The average score is 9 of 19
Answer Stats
Player College/Country/High School % Correct
Collin Sexton Alabama
83%
Ochai Agbaji Kansas
83%
Walker Kessler Auburn
67%
Kelly Olynyk Gonzaga
67%
Joey Hauser (TW) Michigan State
67%
Jordan Clarkson Missouri
67%
Johnny Juzang (TW) UCLA
67%
Lauri Markkanen Arizona
50%
Keyonte George Baylor
50%
Brice Sensabaugh Ohio State
50%
Kris Dunn Providence
50%
Talen Horton-Tucker Iowa State
33%
Micah Potter (TW) Wisconsin
33%
Taylor Hendricks Central Florida
17%
Luka Samanic Croatia
17%
Omer Yurtseven Georgetown
17%
Juan Toscano-Anderson Marquette
17%
John Collins Wake Forest
17%
Simone Fontecchio Italy
0%
No matching quizzes found
Score Distribution
Percent of People with Each Score
Percentile by Number Answered
Your Score History
You have not taken this quiz